书目信息 |
| 题名: |
大学英语六级考试巧攻高分作文
|
|
| 作者: | 吴玮翔 主编 | |
| 分册: | ||
| 出版信息: | 北京 中国对外翻译出版公司 2004 |
|
| 页数: | 326页 | |
| 开本: | 19cm | |
| 丛书名: | 大学英语六级考试轻松过级系列 | |
| 单 册: | ||
| 中图分类: | H315 | |
| 科图分类: | ||
| 主题词: | 英语 , 写作 , 英语--写作--高等学校--教学参考资料 | |
| 电子资源: | ||
| ISBN: | 7-5001-1226-2 | |
| 000 | 01027nam0 2200301 450 | |
| 001 | 070730000218 | |
| 005 | 20071015112112.57 | |
| 010 | @a7-5001-1226-2@dCNY9.50 | |
| 035 | @a002796996 | |
| 100 | @a20050120d2004 em y0chiy0110 ea | |
| 101 | 0 | @achi@aeng |
| 102 | @aCN@b110000 | |
| 105 | @ay z 000yy | |
| 200 | 1 | @a大学英语六级考试巧攻高分作文@Ada xue ying yu liu ji kao shi qiao gong gao fen zuo wen@f吴玮翔主编 |
| 210 | @a北京@c中国对外翻译出版公司@d2004 | |
| 215 | @a326页@d19cm | |
| 225 | 1 | @a大学英语六级考试轻松过级系列 |
| 300 | @a恩波四六级 | |
| 304 | @a六级考试命题研究组组编 | |
| 330 | @a本书将六级考试短文写作试题按命题内容和提纲展开要求设计成12种六级考试写作套路模式,并配以大量的同模式的背诵作文。 | |
| 512 | 1 | @a大学英语6级考试巧攻高分作文@Ada xue ying yu 6 ji kao shi qiao gong gao fen zuo wen |
| 606 | 0 | @a英语 |
| 606 | 0 | @a写作 |
| 606 | 0 | @a英语@x写作@x高等学校@j教学参考资料 |
| 690 | @aH315@v4 | |
| 701 | 0 | @a吴玮翔@Awu wei xiang@4主编 |
| 801 | 0 | @aCN@c20071015 |
| 905 | @dH315@eW880 | |
| 大学英语六级考试巧攻高分作文/吴玮翔主编.-北京:中国对外翻译出版公司,2004 |
| 326页;19cm.-(大学英语六级考试轻松过级系列) |
| 恩波四六级 |
| ISBN 7-5001-1226-2:CNY9.50 |
| 本书将六级考试短文写作试题按命题内容和提纲展开要求设计成12种六级考试写作套路模式,并配以大量的同模式的背诵作文。 |
| ● |
| 相关链接 |
|
|
|
正题名:大学英语六级考试巧攻高分作文
索取号:H315/W880
 
预约/预借
| 序号 | 登录号 | 条形码 | 馆藏地/架位号 | 状态 | 备注 |
| 1 | 650469 | 206504692 | 语言库209/ [索取号:H315/W880] | 在馆 |